| 000 | 00664nam a22002177a 4500 | ||
|---|---|---|---|
| 999 |
_c5758 _d5758 |
||
| 003 | GBCCL | ||
| 005 | 20241126110549.0 | ||
| 008 | 171213b xxu||||| |||| 00| 0 eng d | ||
| 020 | _a0 00 624819 5 | ||
| 040 | _cgbc | ||
| 082 |
_a224.9207 _bTRE |
||
| 100 |
_aTreasure, Geoff _97505 |
||
| 245 |
_aThe man who said 'No': _bThe story of Jonah / _cGeoff Treasure |
||
| 260 |
_bCollins, _aNew York: _c1977 |
||
| 300 |
_a88 p.; _bill., _c17 cm. |
||
| 440 |
_aToday's good news. _910413 |
||
| 650 |
_aBible. -- Jonah -- Commentaries. _910414 |
||
| 650 |
_a Bible. -- Jonah. _910415 |
||
| 650 |
_aBible -- Old Testament -- Jonah Commentaries. _910416 |
||
| 942 |
_2ddc _cBK _08 |
||